[Event "Euro Online U2300 Day 2"]
[Site "chess.com INT"]
[Date "2020.05.26"]
[Round "4"]
[White "Manukyan, Sargis A."]
[Black "Nalbant, Tuna Onat"]
[Result "1/2-1/2"]
[WhiteTitle "FM"]
[BlackTitle "IM"]
[WhiteElo "2244"]
[BlackElo "2372"]
[WhiteFideId "13303970"]
[BlackFideId "6372821"]
[EventDate "2020.05.26"]

1. d4 Nf6 2. c4 g6 3. Nc3 d5 4. Bf4 Bg7 5. e3 O-O 6. Rc1 c6 7. h3 Qa5 8. Qd2 Bf5
9. Nf3 Nbd7 10. Be2 dxc4 11. Bxc4 Nb6 12. Bb3 Qa6 13. g4 Ne4 14. Qe2 Qxe2+ 15.
Kxe2 Nxc3+ 16. bxc3 Be4 17. Rhg1 a5 18. Nd2 Bd5 19. c4 Be6 20. Bc7 Ra6 21. Bxb6
Rxb6 22. c5 Rb4 23. Bxe6 fxe6 24. a3 Rb5 25. Rb1 e5 26. Rxb5 cxb5 27. dxe5 Rc8
28. Ne4 Bxe5 29. Rb1 b4 30. axb4 a4 31. f4 Bg7 32. Rc1 a3 33. Rc2 Bb2 34. Nc3
Bxc3 35. Rxc3 Ra8 36. Rc1 a2 37. Ra1 Ra3 38. b5 Kf7 39. c6 bxc6 40. b6 Ke6 41.
b7 Rb3 42. Rxa2 Rxb7 43. Ra8 Kf7 44. Kf3 Rb2 45. Rc8 Rc2 46. h4 c5 47. Rc6 c4
48. Rc5 c3 49. h5 gxh5 50. Rxh5 Kg7 51. Rc5 Rc1 52. g5 c2 53. Ke2 Rh1 54. Rxc2
Rh2+ 55. Kd3 Rxc2 56. Kxc2 Kg6 57. Kd3 Kf5 58. Kd4 e6 59. Kd3 e5 60. fxe5 Kxe5
61. e4 Kf4 62. Kd4 Kxg5 63. e5 h5 64. Kd5 h4 65. e6 h3 66. e7 h2 67. e8=Q h1=Q+
68. Kd6 Qh2+ 69. Kd7 Qd2+ 70. Kc8 Qc3+ 71. Kd8 Qd4+ 72. Qd7 Qxd7+ 73. Kxd7 1/2-1/2

[Event "Euro Online U2300 Day 2"]
[Site "chess.com INT"]
[Date "2020.05.26"]
[Round "4"]
[White "Eren, Ataberk"]
[Black "Droin, Augustin"]
[Result "1-0"]
[WhiteTitle "FM"]
[BlackTitle "FM"]
[WhiteElo "2321"]
[BlackElo "2313"]
[WhiteFideId "6349765"]
[BlackFideId "45105987"]
[EventDate "2020.05.26"]

1. d4 d5 2. Bf4 Nf6 3. e3 e6 4. Nd2 Bd6 5. Bg3 c5 6. c3 O-O 7. Ngf3 Qc7 8. Ne5
Nc6 9. f4 Ne4 10. Bd3 f5 11. O-O Bd7 12. Ndf3 Be8 13. Nxc6 bxc6 14. Ne5 cxd4 15.
cxd4 c5 16. Rc1 Qb6 17. Bxe4 fxe4 18. Qg4 Be7 19. Rfd1 cxd4 20. Rxd4 Bc5 21.
Rxc5 Qxc5 22. Qxe6+ Kh8 23. Qxd5 Qc1+ 24. Kf2 Rc8 25. Rd2 Rc2 26. Rxc2 Qxc2+ 27.
Kg1 Qc1+ 28. Kf2 Qxb2+ 29. Kg1 Qc1+ 30. Kf2 Qc2+ 31. Kg1 Qe2 32. Bf2 Bh5 33. g4
Be8 34. Kg2 Qb5 35. Qxe4 Qc5 36. Kg3 Bb5 37. h4 a5 38. h5 Qb4 39. Qd5 Be8 40.
Qe6 h6 41. Qd5 a4 42. Qd1 Qa3 43. Qc2 Bf7 44. Qf5 Qe7 45. a3 Kg8 46. Qd3 Qb7 47.
Qd6 Re8 48. Qc5 Qd5 49. Qa7 Be6 50. Qxa4 Rf8 51. Qb4 Bc8 52. Qc4 Bb7 53. Qxd5+
Bxd5 54. Be1 Ra8 55. Bb4 Rc8 56. f5 Rc2 57. Ng6 Kf7 58. Kf4 Rc4+ 59. Ke5 Bf3 60.
Kd6 Rc6+ 61. Kd7 Rxg6 62. hxg6+ Kf6 63. Bc3+ Kg5 64. Bxg7 Bxg4 65. e4 Kf4 66.
Ke7 Kxe4 67. f6 1-0

[Event "Euro Online U2300 Day 2"]
[Site "chess.com INT"]
[Date "2020.05.26"]
[Round "4"]
[White "Gadimbayli, Abdulla"]
[Black "Krayz, Alexander"]
[Result "1-0"]
[WhiteTitle "IM"]
[BlackTitle "IM"]
[WhiteElo "2470"]
[BlackElo "2350"]
[WhiteFideId "13404938"]
[BlackFideId "2802066"]
[EventDate "2020.05.26"]

1. e4 e6 2. d4 d5 3. Nd2 Nf6 4. e5 Nfd7 5. Bd3 c5 6. c3 Nc6 7. Ndf3 cxd4 8. cxd4
Qa5+ 9. Bd2 Qb6 10. Bc3 f6 11. exf6 Nxf6 12. Nh3 Bd6 13. O-O O-O 14. Ne5 g6 15.
Bc2 Qc7 16. f4 Qg7 17. Qd2 Bd7 18. Rae1 Rae8 19. Ng5 Nd8 20. Bb4 Qe7 21. Bxd6
Qxd6 22. Qd3 Re7 23. Re3 Be8 24. Rh3 Qb6 25. a4 Nc6 26. Nxc6 bxc6 27. Qc3 a5 28.
Re3 Bf7 29. Rfe1 Rfe8 30. h3 Kg7 31. b3 Nd7 32. Kh1 h6 33. Nxf7 Kxf7 34. Rg3 Nf8
35. Qd3 Qb4 36. Rf1 Rb7 37. Qe3 Qd6 38. Qe5 Qxe5 39. fxe5+ Kg7 40. Bxg6 Nxg6 41.
Rf6 Kh7 42. Rgxg6 Rxb3 43. Rxh6+ Kg7 44. Rhg6+ Kh7 45. Rxe6 Rxe6 46. Rxe6 Rb4
47. Rxc6 Rxd4 48. Rc5 Rxa4 49. Rxd5 Kg6 50. e6 Kf6 51. Re5 Ke7 52. Kh2 Ra3 53.
h4 a4 54. h5 Rb3 55. h6 Rb8 56. g4 Ra8 57. h7 a3 58. Ra5 Rh8 59. Kg3 Kxe6 60.
Ra6+ Ke5 61. Rxa3 Rxh7 62. Rf3 Rh1 63. g5 Ra1 64. Kg4 Ke6 65. Kh5 Ra8 66. Kh6
Ke7 67. g6 Ra1 68. Kg7 Rh1 69. Re3+ Kd7 70. Kg8 Rh2 71. g7 1-0

[Event "Euro Online U2300 Day 2"]
[Site "chess.com INT"]
[Date "2020.05.26"]
[Round "4"]
[White "Averyanov, Grigori"]
[Black "Ohanyan, Emin"]
[Result "1-0"]
[BlackTitle "FM"]
[WhiteElo "2274"]
[BlackElo "2291"]
[WhiteFideId "44150288"]
[BlackFideId "13312022"]
[EventDate "2020.05.26"]

1. d4 Nf6 2. c4 c5 3. d5 b5 4. a4 bxc4 5. Nc3 d6 6. e4 g6 7. Nf3 Bg7 8. Nd2 O-O
9. Nxc4 Na6 10. Be2 Nb4 11. O-O Nd7 12. Be3 Rb8 13. a5 Ba6 14. f4 Qc7 15. Kh1
Rfc8 16. Qd2 Bd4 17. Bg1 Nf6 18. f5 Kg7 19. Rac1 Bxc4 20. Bxc4 Bxg1 21. Kxg1
Qxa5 22. Qe2 Nd7 23. Qf2 Ne5 24. f6+ exf6 25. Qxf6+ Kg8 26. Be2 Qd8 27. Qf4 Qe7
28. Rcd1 c4 29. Qg3 Nbd3 30. Bxd3 Nxd3 31. Qh3 Re8 32. Rde1 Nxe1 33. Rxe1 Rxb2
34. Qf3 Qe5 35. Rf1 Rf8 36. Nd1 Rb3 37. Qe2 c3 38. Nf2 Rb2 39. Qd3 c2 40. Ng4
Qg5 41. Ne3 Rb1 42. Nxc2 Rxf1+ 43. Kxf1 Qc1+ 44. Ke2 Rb8 45. Ne3 Qb2+ 46. Kf3
Qf6+ 47. Kg3 Rb2 48. Ng4 Qg5 49. Qc3 Rb8 50. h4 Qd8 51. Nf6+ Kf8 52. Nxh7+ Ke8
53. Nf6+ Ke7 54. Ng4 Ke8 55. Qc6+ Kf8 56. Qc3 Ke8 57. Kh3 Rc8 58. Qh8+ Kd7 59.
Qd4 Qb6 60. Qf6 Kc7 61. Qxf7+ Kb8 62. Qxg6 Rc3+ 63. g3 Qg1 64. Qxd6+ Kc8 65.
Qe6+ Kb7 66. Qd7+ Kb6 67. Qd6+ Kb5 68. Nh2 Qe3 69. h5 a5 70. h6 Qxe4 71. Qd7+
Kb4 72. h7 1-0

[Event "Euro Online U2300 Day 2"]
[Site "chess.com INT"]
[Date "2020.05.26"]
[Round "4"]
[White "Rzayev, Askar Aliakbar"]
[Black "Buksa, Nataliya"]
[Result "0-1"]
[BlackTitle "IM"]
[WhiteElo "2129"]
[BlackElo "2410"]
[WhiteFideId "13405039"]
[BlackFideId "14123622"]
[EventDate "2020.05.26"]

1. d4 d5 2. Nf3 Nf6 3. Bf4 e6 4. e3 Bd6 5. Bg3 c5 6. c3 Qc7 7. Nbd2 Nbd7 8. Rc1
b6 9. Bd3 Bb7 10. Qe2 O-O 11. Bxd6 Qxd6 12. O-O Rfd8 13. e4 dxe4 14. Nxe4 Nxe4
15. Bxe4 Bxe4 16. Qxe4 Nf6 17. Qh4 cxd4 18. Nxd4 Qd5 19. a3 h6 20. Rfe1 Rac8 21.
h3 Kh7 22. Qf4 Qc4 23. Rcd1 Rd5 24. Qc1 Rcd8 25. Nf3 Kg8 26. Rxd5 Qxd5 27. Qf4
Qb3 28. Qc1 Rd7 29. Nd4 Qd5 30. Qf4 Qd6 31. Qf3 Qc5 32. Rd1 e5 33. Nc2 Rxd1+ 34.
Qxd1 Qb5 35. Nb4 g6 36. Qd3 Qc5 37. Qd8+ Kg7 38. Nd3 Qb5 39. b4 e4 40. Nf4 Qc4
41. Qd4 Qxd4 42. cxd4 g5 43. Ne2 Nd5 44. Ng3 Nc3 45. Nf5+ Kg6 46. Nd6 f5 47. Kf1
Kf6 48. g4 f4 49. Ke1 Ke6 50. Nf5 Nb5 51. a4 Nc3 52. a5 bxa5 53. bxa5 Nb5 54.
Kd2 Kd5 55. Nxh6 Nxd4 56. Nf7 Nf3+ 57. Ke2 Kd4 58. Nd6 Ke5 59. Nc8 a6 60. Ne7
Nd4+ 61. Kf1 Kd6 62. Ng6 Kc5 63. h4 gxh4 64. Nxh4 Ne6 65. Nf5 Kb5 66. Nd6+ Kxa5
67. Nxe4 Kb4 68. Ke2 a5 69. g5 a4 70. g6 a3 71. Nf6 a2 72. Nd5+ Kb3 0-1

[Event "Euro Online U2300 Day 2"]
[Site "chess.com INT"]
[Date "2020.05.26"]
[Round "4"]
[White "Papp, Petra"]
[Black "Mirimanian, Hayk"]
[Result "1/2-1/2"]
[WhiteTitle "WGM"]
[BlackTitle "FM"]
[WhiteElo "2338"]
[BlackElo "2268"]
[WhiteFideId "739049"]
[BlackFideId "4700180"]
[EventDate "2020.05.26"]

1. e4 c5 2. Nf3 e6 3. d4 cxd4 4. Nxd4 Nf6 5. Nc3 Nc6 6. Ndb5 Bb4 7. a3 Bxc3+ 8.
Nxc3 d5 9. exd5 Nxd5 10. Nxd5 exd5 11. Be2 O-O 12. O-O Bf5 13. Bf4 d4 14. Re1
Rc8 15. Bd3 Qf6 16. Bg3 Bg6 17. Qd2 a6 18. h3 Rfd8 19. Re2 Bxd3 20. Qxd3 Qg6 21.
Re4 Re8 22. Rae1 Rxe4 23. Rxe4 Rd8 24. Kh2 h6 25. b4 Kh7 26. h4 Rd5 27. c4 Rd7
28. b5 axb5 29. cxb5 Ne7 30. a4 Ng8 31. Be5 Rd5 32. Qf3 f5 33. Re1 Qe6 34. Qb3
d3 35. f4 d2 36. Rd1 Rxe5 37. Qxe6 Rxe6 38. Rxd2 Re4 39. Rd7 Rxf4 40. a5 Rxh4+
41. Kg3 Ra4 42. Rxb7 Rxa5 43. Kf4 Kg6 44. Ke5 Ra2 45. g3 Ra3 46. b6 Rxg3 47. Ra7
Rb3 48. b7 Nf6 49. Kd6 f4 50. Kc6 f3 51. Ra3 Rxb7 52. Kxb7 f2 53. Rf3 Ne4 54.
Kc6 Kg5 55. Kd5 Nc3+ 56. Kd4 Nd1 57. Kd3 Kg4 58. Ke2 g5 59. Rf8 Nc3+ 60. Kxf2 h5
61. Kg2 h4 62. Ra8 Nd5 63. Ra4+ Nf4+ 64. Kh2 Kf3 65. Ra3+ Kf2 66. Ra2+ Ke3 67.
Ra3+ Ke4 68. Ra4+ Kf5 69. Ra5+ Kg6 70. Ra6+ Kh5 71. Ra5 Nd3 72. Ra3 Nf2 73. Ra2
g4 74. Rxf2 g3+ 75. Kg2 gxf2 76. Kxf2 Kg4 77. Kg2 h3+ 78. Kh2 Kh4 79. Kh1 Kg3
80. Kg1 h2+ 81. Kh1 Kf2 82. Kxh2 1/2-1/2

[Event "Euro Online U2300 Day 2"]
[Site "chess.com INT"]
[Date "2020.05.26"]
[Round "4"]
[White "Sudakova, Irina"]
[Black "Haring, Viktor"]
[Result "1/2-1/2"]
[WhiteTitle "WGM"]
[BlackTitle "FM"]
[WhiteElo "2288"]
[BlackElo "2298"]
[WhiteFideId "4129903"]
[BlackFideId "14919400"]
[EventDate "2020.05.26"]

1. e4 c5 2. Ne2 d6 3. g3 Nc6 4. Bg2 g6 5. c3 Bg7 6. d4 Nf6 7. O-O O-O 8. h3 e5
9. Be3 b6 10. d5 Ne7 11. c4 Ne8 12. Nbc3 f5 13. f4 fxe4 14. Nxe4 Nf5 15. Bf2 Nf6
16. Ng5 Rb8 17. Ne6 Bxe6 18. dxe6 Qe7 19. Bd5 Nxd5 20. cxd5 e4 21. Nc3 e3 22.
Be1 b5 23. g4 Nd4 24. Bg3 b4 25. Ne2 b3 26. Qd3 c4 27. Qxc4 Rfc8 28. Qd3 Nxe2+
29. Qxe2 Rc2 30. Qxe3 Bxb2 31. axb3 Bxa1 32. Rxa1 Qb7 33. Rxa7 Qxd5 34. Bf2 Rxb3
35. Ra8+ Kg7 36. Qd4+ Qxd4 37. Bxd4+ Kh6 38. Bf2 Re2 39. f5 gxf5 40. gxf5 Kg5
41. Rf8 Rb1+ 42. Kg2 Rbb2 43. Kg3 Rxf2 44. e7 Rg2+ 45. Kf3 Rbf2+ 46. Ke3 Re2+
47. Kd3 Rxe7 48. Rg8+ Kxf5 49. Rxg2 Ra7 50. Kd4 Ke6 51. Re2+ Kd7 52. Rg2 Kc6 53.
Rc2+ Kd7 54. Rg2 Ra4+ 55. Kd5 Ra5+ 56. Kd4 Rh5 57. Rg3 Kc6 58. Rc3+ Rc5 59. Rg3
h5 60. Rg8 Ra5 61. Rc8+ Kd7 62. Rh8 Ra4+ 63. Kd5 Ra5+ 64. Kd4 Ke6 65. Rh6+ Ke7
66. Rh7+ Kf6 67. Rh6+ Kg5 68. Rxd6 Ra3 69. h4+ Kxh4 70. Ke4 Kg4 71. Rg6+ Kh3 72.
Kf4 h4 73. Rh6 Ra4+ 74. Kf3 Ra8 75. Kf2 Rg8 76. Kf3 Rf8+ 77. Ke2 Kg3 78. Rg6+
Kh2 79. Rg7 h3 80. Rg6 Kh1 81. Rg7 h2 82. Rg6 Rg8 83. Rxg8 1/2-1/2

[Event "Euro Online U2300 Day 2"]
[Site "chess.com INT"]
[Date "2020.05.26"]
[Round "4"]
[White "Dornbusch, Tatiana"]
[Black "Kabanova, Ekaterina"]
[Result "1-0"]
[WhiteTitle "WGM"]
[BlackTitle "WFM"]
[WhiteElo "2268"]
[BlackElo "2138"]
[WhiteFideId "14107449"]
[BlackFideId "24112917"]
[EventDate "2020.05.26"]

1. d4 c5 2. d5 e5 3. Nc3 d6 4. e4 a6 5. a4 Ne7 6. f4 exf4 7. Bxf4 Ng6 8. Bg3 Be7
9. Nf3 Bg4 10. Be2 Bxf3 11. Bxf3 Bh4 12. Ne2 Nd7 13. O-O Nde5 14. Bh5 O-O 15.
Bxg6 Nxg6 16. Qd3 Bf6 17. c3 Qe7 18. Rae1 b5 19. axb5 axb5 20. Nf4 Ne5 21. Qxb5
Rfb8 22. Qe2 Ra2 23. Rb1 g6 24. Rf2 c4 25. Qf1 Qa7 26. Kh1 Ng4 27. Re2 Be5 28.
Qf3 h5 29. h3 Raxb2 30. Rbxb2 Rxb2 31. hxg4 hxg4 32. Qxg4 Rb1+ 33. Re1 Qa1 34.
Rxb1 Qxb1+ 35. Kh2 Qxe4 36. Qf3 Qxf3 37. gxf3 Bxc3 38. Ne2 Bb4 39. Kg2 Kf8 40.
Nd4 c3 41. Kf1 Bc5 42. Nc2 Ke7 43. Ke2 Bb6 44. Bh4+ f6 45. Kd3 Ba5 46. Be1 f5
47. Bxc3 Bb6 48. Ne3 Bc5 49. Nc4 g5 50. Bd4 Bb4 51. Ne3 f4 52. Ng4 Kf7 53. Ke4
Kg6 54. Nf6 Ba3 55. Bc3 Bc5 56. Nd7 Ba3 57. Nf6 Bc5 58. Kd3 Kf5 59. Kc4 Bb6 60.
Kb5 Bd8 61. Ng4 Kg6 62. Kc6 Be7 63. Kd7 Kf7 64. Bb4 Bf8 65. Bxd6 Bg7 66. Be5 Bf8
67. d6 Kg6 68. Ke8 Bxd6 69. Bxd6 Kh5 70. Be7 Kh4 71. Ne5 Kh5 72. Kf7 g4 73.
fxg4+ Kh6 74. Nf3 Kh7 75. g5 Kh8 76. Nh4 Kh7 77. Bd8 f3 78. Nxf3 Kh8 79. Nh4 Kh7
80. g6+ Kh8 81. g7+ Kh7 82. g8=Q+ Kh6 83. Qg6# 1-0

[Event "Euro Online U2300 Day 2"]
[Site "chess.com INT"]
[Date "2020.05.26"]
[Round "4"]
[White "Taspinar, Yanki"]
[Black "Chaqryan, Erik"]
[Result "1/2-1/2"]
[WhiteTitle "CM"]
[WhiteElo "2178"]
[BlackElo "2231"]
[WhiteFideId "34561188"]
[BlackFideId "13312340"]
[EventDate "2020.05.26"]

1. d4 Nf6 2. c4 g6 3. Nc3 Bg7 4. e4 d6 5. Nf3 O-O 6. Be2 e5 7. O-O Na6 8. Bg5
exd4 9. Nxd4 Nc5 10. f3 c6 11. Be3 a5 12. b3 Re8 13. Bf2 Nh5 14. Qd2 Be5 15. g3
Bh3 16. Rfe1 Qf6 17. Rad1 Ne6 18. Na4 Nef4 19. Bf1 Bxf1 20. Rxf1 Nh3+ 21. Kg2
Nxf2 22. Qxf2 Qe7 23. Rd2 Qg5 24. Rdd1 f5 25. exf5 gxf5 26. Qd2 Bf4 27. Qf2 Rf8
28. Ne6 Qg6 29. Nxf8 Rxf8 30. Rfe1 Be5 31. Kh1 f4 32. g4 Nf6 33. Nb2 c5 34. Nd3
Bd4 35. Qg2 Be3 36. h4 Nd7 37. Qh2 Qf6 38. Re2 b5 39. cxb5 d5 40. a4 d4 41. Nb2
Ne5 42. Rf1 Qe6 43. Nc4 Nxc4 44. bxc4 Qxc4 45. Rb1 d3 46. Reb2 Qd5 47. Qg2 d2
48. Qe2 c4 49. Rc2 Rd8 50. Rd1 Qd3 51. Qxd3 cxd3 52. Rcxd2 Bxd2 53. Rxd2 Rd4 54.
Kg2 Kf7 55. b6 Rxa4 56. Rxd3 Rb4 57. Rd6 a4 58. Rd7+ Ke6 59. Ra7 Kd5 60. b7 Kc6
61. g5 Kc7 62. Kh3 Kb8 63. Ra5 Kxb7 64. Kg4 Kb6 65. Ra8 Kb5 66. Rb8+ Kc4 67.
Rc8+ Kb3 68. Ra8 a3 69. Rxa3+ Kxa3 70. h5 Rb1 71. Kxf4 Kb4 72. g6 hxg6 73. hxg6
Rg1 74. Kf5 Kc5 75. Kf6 Rf1 76. g7 Rxf3+ 77. Kg6 Rg3+ 78. Kf7 Rf3+ 79. Ke7 Re3+
80. Kf7 Rf3+ 81. Ke7 Rg3 82. Kf7 Kd6 83. g8=Q Rxg8 84. Kxg8 1/2-1/2

[Event "Euro Online U2300 Day 2"]
[Site "chess.com INT"]
[Date "2020.05.26"]
[Round "4"]
[White "Babiy, Olga"]
[Black "Karaoglan, Doruk"]
[Result "1/2-1/2"]
[WhiteTitle "WGM"]
[BlackTitle "CM"]
[WhiteElo "2228"]
[BlackElo "2230"]
[WhiteFideId "14117258"]
[BlackFideId "6390927"]
[EventDate "2020.05.26"]

1. e4 c5 2. Nf3 d6 3. d4 cxd4 4. Nxd4 Nf6 5. Nc3 g6 6. Be3 Bg7 7. f3 O-O 8. Qd2
Nc6 9. g4 Bxg4 10. fxg4 Nxg4 11. Nb3 a5 12. a4 Nxe3 13. Qxe3 Nb4 14. O-O-O Rc8
15. Kb1 Qc7 16. h4 Bxc3 17. bxc3 Qxc3 18. Qxc3 Rxc3 19. Bd3 Rfc8 20. Rh2 b6 21.
h5 Nxd3 22. Rxd3 R8c4 23. Kb2 Rxd3 24. cxd3 Rxa4 25. h6 f5 26. exf5 gxf5 27. d4
e5 28. Rg2+ Kf8 29. Rg7 exd4 30. Rxh7 Kg8 31. Rg7+ Kh8 32. Rf7 d3 33. Rxf5 Rh4
34. Rf6 Kh7 35. Rxd6 Rxh6 36. Rxd3 Rc6 37. Rd5 Kg6 38. Nd4 Rf6 39. Kb3 Kf7 40.
Ka4 Kg6 41. Kb5 Kf7 42. Nc6 Ke6 43. Rd1 Rf5+ 44. Kxb6 Rh5 45. Nxa5 Rh2 46. Nc4
Rc2 47. Kc5 Kf5 48. Kd5 Ra2 49. Rf1+ Kg6 50. Ke6 Re2+ 51. Ne5+ Kg5 52. Rf5+ Kh4
53. Rf3 Kg5 54. Rf8 Re1 55. Rf5+ Kh4 56. Kf6 Kg3 57. Kg5 Ra1 58. Rf3+ Kg2 59.
Re3 Ra2 60. Ng4 Ra5+ 61. Kh4 Ra4 62. Rg3+ Kf1 63. Kh3 Ke2 64. Kg2 Kd2 65. Nf2
Ra8 66. Ne4+ Kc2 67. Kf3 Re8 68. Ke3 Kb3 69. Kd4+ Kb4 70. Rg7 Rd8+ 71. Ke3 Re8
72. Rc7 Rd8 73. Nf6 Rd1 74. Ke4 Re1+ 75. Kd3 Rd1+ 76. Ke2 Rd6 77. Ne4 Rd8 78.
Ke3 Re8 79. Rd7 Kb5 80. Kd4 Kc6 81. Rd5 Ra8 82. Rc5+ Kd7 83. Kd5 Rh8 84. Nf6+
Ke7 85. Ke5 Ra8 86. Rc7+ Kd8 87. Rd7+ Kc8 88. Rh7 Ra5+ 89. Ke6 Ra6+ 90. Kf5 Ra5+
91. Kg6 Ra6 92. Re7 Kb8 93. Kf7 Ra7 94. Nd7+ Kb7 95. Nc5+ 1/2-1/2

[Event "Euro Online U2300 Day 2"]
[Site "chess.com INT"]
[Date "2020.05.26"]
[Round "4"]
[White "Hristodoulou, Panagiotis"]
[Black "Kacprzak, Karol"]
[Result "1/2-1/2"]
[WhiteTitle "FM"]
[WhiteElo "2302"]
[BlackElo "1988"]
[WhiteFideId "4214340"]
[BlackFideId "21819327"]
[EventDate "2020.05.26"]

1. e4 c5 2. Nc3 d6 3. g3 g6 4. Bg2 Bg7 5. d3 e6 6. Be3 Ne7 7. Qd2 Nbc6 8. Bh6
Bf6 9. h4 b5 10. Bg5 Bg7 11. Bh6 Bf6 12. h5 b4 13. Nd1 d5 14. Bg5 Ng8 15. Bxf6
Nxf6 16. hxg6 fxg6 17. exd5 exd5 18. Ne3 Be6 19. Ne2 Qd6 20. Nf4 Bf7 21. O-O O-O
22. a3 a5 23. Rfe1 Rfe8 24. axb4 axb4 25. c3 bxc3 26. bxc3 Kg7 27. Qc2 Reb8 28.
Qe2 h5 29. Nh3 Ne5 30. d4 cxd4 31. cxd4 Nc6 32. Qd2 Rxa1 33. Rxa1 Qb4 34. Rd1
Qxd2 35. Rxd2 Rb4 36. Nf4 Rxd4 37. Rxd4 Nxd4 38. Nfxd5 Nxd5 39. Nxd5 Nf5 40. Nf4
g5 41. Nd3 Kf6 42. Be4 Nd6 43. Bc6 Bg6 44. Nc5 h4 45. gxh4 gxh4 46. Kg2 Kg5 47.
Ne6+ Kf6 48. Nf4 Bf5 49. f3 Nc4 50. Bb5 Ne3+ 51. Kf2 Nd1+ 52. Kg2 Ne3+ 53. Kf2
Nd1+ 54. Ke1 Ne3 55. Ke2 Ng2 56. Nd5+ Kg5 57. Kf2 Nf4 58. Ne3 Nh3+ 59. Kg2 Nf4+
60. Kh2 Bg6 61. Bd7 Bh5 62. Bc6 Nd3 63. Ng2 Ne5 64. f4+ Kf5 65. fxe5 Kxe5 66.
Nxh4 Bg4 67. Kg3 Kd6 68. Be4 Be6 69. Kf4 Bd5 70. Bd3 Kc5 71. Nf5 Bc4 72. Bc2 Kb4
73. Ke5 Kc5 74. Nd6 Ba2 75. Ne4+ Kc6 76. Ba4+ Kc7 77. Nd6 Kb6 78. Kd4 Kc7 79.
Kc5 Kd8 80. Ne4 Ke7 81. Bc6 Bb1 82. Nc3 Bf5 83. Kd4 Kf6 84. Nd5+ Ke6 85. Bb7 Kd6
86. Ne3 Be6 87. Be4 Ke7 88. Ke5 Kd7 89. Nc2 Bc4 90. Nd4 Kc7 91. Bf3 Kb6 92. Kd6
Bd3 93. Kd5 Kc7 94. Ne6+ Kb6 95. Nc5 Bb5 96. Kd6 Bc4 97. Bd1 Kb5 98. Ne4 Kb4 99.
Ke5 Bd3 100. Nd6 Kc3 101. Bf3 Bc2 102. Nb5+ Kb4 103. Nd4 Ba4 104. Kd5 Bb3+ 105.
Kc6 Kc3 106. Nb5+ Kd2 107. Kc5 Ke3 108. Bg2 Kf2 109. Be4 Ke3 110. Bc6 Kf4 111.
Kd6 Bc2 112. Bd5 Be4 113. Bc4 Bf5 114. Nd4 Be4 115. Ne6+ Ke3 116. Ke5 1/2-1/2

[Event "Euro Online U2300 Day 2"]
[Site "chess.com INT"]
[Date "2020.05.26"]
[Round "5"]
[White "Podetti, Davide"]
[Black "Babiy, Olga"]
[Result "1/2-1/2"]
[BlackTitle "WGM"]
[WhiteElo "2173"]
[BlackElo "2228"]
[WhiteFideId "893617"]
[BlackFideId "14117258"]
[EventDate "2020.05.26"]

1. e4 c6 2. d4 d5 3. exd5 cxd5 4. Bd3 Nc6 5. c3 Nf6 6. Bf4 Bg4 7. Qb3 Qd7 8. Nd2
e6 9. Ngf3 Bxf3 10. Nxf3 Bd6 11. Bxd6 Qxd6 12. O-O O-O 13. Rfe1 Qc7 14. Ne5 Nxe5 1/2-1/2

[Event "Euro Online U2300 Day 2"]
[Site "chess.com INT"]
[Date "2020.05.26"]
[Round "5"]
[White "Kacprzak, Kacper"]
[Black "Thorsbro, Peter"]
[Result "1/2-1/2"]
[WhiteElo "1977"]
[BlackElo "2144"]
[WhiteFideId "21819319"]
[BlackFideId "1406671"]
[EventDate "2020.05.26"]

1. e4 e5 2. Nf3 Nc6 3. Bc4 Bc5 4. c3 Nf6 5. d3 d6 6. Bb3 a6 7. Nbd2 O-O 8. h3
Re8 9. Nf1 Be6 10. Ng3 d5 11. Qe2 dxe4 12. dxe4 Bxb3 13. axb3 Qd7 1/2-1/2

[Event "Euro Online U2300 Day 2"]
[Site "chess.com INT"]
[Date "2020.05.26"]
[Round "5"]
[White "Svicevic, Rastko"]
[Black "Can, Melih Kaan"]
[Result "1-0"]
[WhiteTitle "FM"]
[WhiteElo "2215"]
[BlackElo "2105"]
[WhiteFideId "916315"]
[BlackFideId "6317383"]
[EventDate "2020.05.26"]

1. d4 Nf6 2. Bg5 Ne4 3. Bf4 c5 4. f3 Qa5+ 5. Nd2 Nxd2 6. Bxd2 Qb6 7. Bc3 cxd4 8.
Bxd4 Qc7 9. e4 Nc6 10. Bc3 d6 11. Bc4 e6 12. Ne2 Be7 13. O-O O-O 14. Kh1 a6 15.
a4 Ne5 16. Bb3 Bd7 17. f4 Nc4 18. Qd4 1-0

[Event "Euro Online U2300 Day 2"]
[Site "chess.com INT"]
[Date "2020.05.26"]
[Round "5"]
[White "Chaqryan, Erik"]
[Black "Galiana Fernandez, Adrian"]
[Result "1-0"]
[BlackTitle "FM"]
[WhiteElo "2231"]
[BlackElo "2260"]
[WhiteFideId "13312340"]
[BlackFideId "32010150"]
[EventDate "2020.05.26"]

1. d4 Nf6 2. c4 g6 3. Nc3 d5 4. Nf3 Bg7 5. Qb3 dxc4 6. Qxc4 O-O 7. e4 Nc6 8. Be2
e5 9. d5 Nd4 10. Nxd4 exd4 11. Qxd4 Re8 12. Qc4 c6 13. dxc6 bxc6 14. O-O Qb6 15.
Na4 Qb5 16. Qxb5 cxb5 17. Bxb5 Bd7 18. Bxd7 Nxd7 19. f3 f5 20. exf5 gxf5 21. Bf4
Re2 22. Rfe1 Rae8 23. Rxe2 Rxe2 24. Kf1 Rc2 25. Rc1 Rxc1+ 26. Bxc1 Nb6 27. Nxb6
axb6 28. Ke2 Kf7 29. Kd3 Ke6 30. Kc4 Kd7 31. Kd5 1-0

[Event "Euro Online U2300 Day 2"]
[Site "chess.com INT"]
[Date "2020.05.26"]
[Round "5"]
[White "Levin, Guy"]
[Black "Potapova, Margarita"]
[Result "1/2-1/2"]
[BlackTitle "WIM"]
[WhiteElo "2213"]
[BlackElo "2270"]
[WhiteFideId "2824213"]
[BlackFideId "14126869"]
[EventDate "2020.05.26"]

1. c4 Nf6 2. Nf3 e6 3. g3 d5 4. Bg2 dxc4 5. Qa4+ Nbd7 6. Qxc4 a6 7. Qc2 c5 8. d4
b5 9. Nc3 Bb7 10. O-O Rc8 11. Qd1 Be7 12. dxc5 Nxc5 13. Qxd8+ Rxd8 14. b4 Nce4
15. Nxe4 Bxe4 16. a3 O-O 17. Bb2 Rc8 1/2-1/2

[Event "Euro Online U2300 Day 2"]
[Site "chess.com INT"]
[Date "2020.05.26"]
[Round "5"]
[White "Samaridis, Konstantinos"]
[Black "Sergeev, Nikita S."]
[Result "1/2-1/2"]
[WhiteElo "2105"]
[BlackElo "1335"]
[WhiteFideId "4262867"]
[BlackFideId "34253670"]
[EventDate "2020.05.26"]

1. e4 e6 2. d4 d5 3. exd5 exd5 4. Nf3 Bd6 5. c4 Ne7 6. c5 Bxc5 7. dxc5 c6 8. Bd3
Bg4 9. h3 Bxf3 10. Qxf3 Nd7 11. b4 Ne5 12. Qe2 Nxd3+ 13. Qxd3 Ng6 14. O-O O-O
15. Bb2 Qg5 16. Nc3 Qxg2+ 17. Kxg2 Nf4+ 18. Kf3 Nxd3 19. Bc1 a5 20. bxa5 Rxa5
21. Be3 Nxc5 22. Bxc5 Rxc5 23. Ne2 Ra8 24. Rfb1 Ra3+ 25. Rb3 Rca5 26. Rb1 Kf8
27. Rxa3 Rxa3+ 28. Rb3 Rxb3+ 29. axb3 Ke7 30. b4 Kd6 31. Ke3 g5 32. Nd4 b6 33.
f4 c5 34. Nf5+ Ke6 35. Ng7+ Kf6 36. Ne8+ Ke7 37. Nc7 Kd6 38. Ne8+ Ke7 39. Nc7
Kd6 40. Ne8+ Ke7 1/2-1/2

[Event "Euro Online U2300 Day 2"]
[Site "chess.com INT"]
[Date "2020.05.26"]
[Round "5"]
[White "Ozenir, Ekin Baris"]
[Black "Sudakova, Irina"]
[Result "1-0"]
[WhiteTitle "IM"]
[BlackTitle "WGM"]
[WhiteElo "2309"]
[BlackElo "2288"]
[WhiteFideId "6357415"]
[BlackFideId "4129903"]
[EventDate "2020.05.26"]

1. d4 d5 2. c4 e6 3. Nc3 c6 4. e4 Bb4 5. exd5 cxd5 6. Nf3 Nc6 7. Be2 dxc4 8.
Bxc4 Nf6 9. O-O O-O 10. a3 Be7 11. Bg5 a6 12. Qd3 b5 13. Ba2 Bb7 14. Rad1 b4 15.
Bb1 g6 16. Na4 Qd5 17. Nb6 Qa5 18. Nxa8 Bxa8 19. axb4 Nxb4 20. Qd2 Rd8 21. Ne5
Qd5 22. f3 Nc6 23. Be4 Nxe4 24. fxe4 Qxe4 25. Nxc6 Bxc6 26. Bxe7 Rxd4 27. Qf2 1-0

[Event "Euro Online U2300 Day 2"]
[Site "chess.com INT"]
[Date "2020.05.26"]
[Round "5"]
[White "Salna, Aleksandras"]
[Black "Sirosh, Ilja"]
[Result "0-1"]
[BlackTitle "IM"]
[WhiteElo "2063"]
[BlackElo "2405"]
[WhiteFideId "12807575"]
[BlackFideId "4500458"]
[EventDate "2020.05.26"]

1. d4 Nf6 2. c4 c5 3. d5 g6 4. Nc3 Bg7 5. e4 d6 6. h3 O-O 7. Nf3 e6 8. Bd3 Nbd7
9. O-O e5 10. Ne1 h6 11. Bd2 Nh5 12. Be2 Nf4 13. Nd3 g5 14. Kh2 Nf6 15. g4 Qd7
16. Bf3 Nxd3 0-1